000 01151nam0a2200253 4500
001 RU\NLR\BIBL_A\011924818
005 20250626152129.0
010 _9500
035 _a(NLR Aleph) 011924818
090 _a13420998
_c13420998
100 _a20190131d1988 |||y0rusy50 ca
101 0 _aaze
102 _aAZ
105 _ay z 000 y
200 1 _aАзәрбаjҹан дили семасиолоҝиjасына ҝириш
_eконтекстоложи тәһлил
_fИсмаjыл Теjмур оғлу Мәммәдов
_gАзССР Али вә орта ихтисас тәһсили назирл. С. М. Киров ад. гырмызы әмәк баjрағы орденли Азәрб. дөв ун-тети
210 _aБакы
_cАДУ
_d1988
215 _a88 с.
_d21
541 1 _aВведение в семасиологию азербайджанского языка
_eучеб. пособие
700 1 _aМәммәдов
_bИ. Т.
_gИсмаjыл Теjмур оғлу
_4070
790 1 _aМамедов
_bИ. Т.
_gИсмаил Теймур оглы
_4070
852 _aNLR
_bОНЛ
_jАзерб./2-22744
942 _cBOOK
980 _aNB